[Event "Minsk Kupreichik Memorial rapid"]
[Site "Minsk"]
[Date "2019.08.17"]
[Round "10"]
[White "Kochetkov, Vitali"]
[Black "Dvurechensky, Viacheslav"]
[Result "1-0"]
[WhiteElo "2266"]
[BlackElo "1840"]
[PlyCount "49"]
[EventDate "2019.08.15"]
[EventType "swiss (rapid)"]
[EventRounds "10"]
[EventCountry "BLR"]
[SourceTitle "CBM 191 Extra"]
[Source "ChessBase"]
[SourceDate "2019.09.30"]
[SourceVersion "1"]
[SourceVersionDate "2019.09.30"]
[SourceQuality "1"]

1. c4 c6 2. b3 Nf6 3. Bb2 d5 4. Nf3 Bf5 5. e3 e6 6. Be2 h6 7. d3 Be7 8. Nbd2 Na6 9. Ne5 dxc4 10. Ndxc4 Bb4+ 11. Kf1 0-0 12. g4 Bh7 13. h4 Nd7 14. Nxd7 Qxd7 15. g5 f6 16. Rg1 Bf5 17. Rg3 fxg5 18. e4 Bh7 19. hxg5 Qf7 20. Rf3 Qe7 21. gxh6 Qh4 22. Kg2 Rxf3 23. Bxf3 Qxh6 24. Qe2 b5 25. Ne5 1-0

[Event "Minsk Kupreichik Memorial rapid"]
[Site "Minsk"]
[Date "2019.08.15"]
[Round "3"]
[White "Kochetkov, Vitali"]
[Black "Patokova, Viktoriya"]
[Result "1-0"]
[WhiteElo "2266"]
[BlackElo "1503"]
[PlyCount "63"]
[EventDate "2019.08.15"]
[EventType "swiss (rapid)"]
[EventRounds "10"]
[EventCountry "BLR"]
[SourceTitle "CBM 191 Extra"]
[Source "ChessBase"]
[SourceDate "2019.09.30"]
[SourceVersion "1"]
[SourceVersionDate "2019.09.30"]
[SourceQuality "1"]

1. Nf3 d5 2. g3 c5 3. Bg2 Nc6 4. 0-0 Nf6 5. d4 cxd4 6. Nxd4 e6 7. c4 Qb6 8. Nxc6 bxc6 9. Nc3 Ba6 10. cxd5 exd5 11. Qa4 Rd8 12. Rd1 Bc5 13. Qf4 0-0 14. Na4 Qb4 15. Nxc5 Qxc5 16. Be3 Qe7 17. Rac1 Qb7 18. Bc5 Rfe8 19. e3 h6 20. h4 Rb8 21. Bd4 Ne4 22. Qg4 f6 23. f3 c5 24. fxe4 cxd4 25. Rxd4 Qxb2 26. Rc7 g5 27. Qd7 Qxg2+ 28. Kxg2 Rb2+ 29. Kh3 Bf1+ 30. Kg4 Be2+ 31. Kf5 Re5+ 32. Kg6 1-0

[Event "Minsk Inautomarket op"]
[Site "Minsk"]
[Date "2007.07.12"]
[Round "3"]
[White "Zhigalko, Sergei"]
[Black "Kochetkov, Vitali"]
[Result "1-0"]
[WhiteElo "2560"]
[BlackElo "2316"]
[PlyCount "63"]
[EventDate "2007.07.10"]
[EventType "swiss"]
[EventRounds "9"]
[EventCountry "BLR"]
[SourceTitle "EXT 2008"]
[Source "ChessBase"]
[SourceDate "2007.11.25"]
[SourceVersion "1"]
[SourceVersionDate "2007.11.25"]
[SourceQuality "1"]

1. e4 e6 2. d4 d5 3. e5 c5 4. c3 Nc6 5. Nf3 Bd7 6. Be2 cxd4 7. cxd4 Nge7 8. Na3 Nf5 9. Nc2 Nb4 10. 0-0 Nxc2 11. Qxc2 Qb6 12. Qd3 Be7 13. a4 a5 14. g4 Nh4 15. Nxh4 Bxh4 16. f4 Be7 17. f5 0-0-0 18. Bd2 f6 19. Kh1 Kb8 20. Rab1 fxe5 21. dxe5 d4 22. f6 Bc6+ 23. Bf3 gxf6 24. exf6 Bxf6 25. b4 Ka7 26. bxa5 Qc7 27. Rfc1 Bxf3+ 28. Qxf3 Qg7 29. a6 Rd7 30. Rc5 bxa6 31. Ba5 Rb7 32. Rxb7+ 1-0

[Event "US Open-107"]
[Site "Chicago"]
[Date "2006.08.13"]
[Round "9"]
[White "Kaidanov, Gregory S"]
[Black "Kochetkov, Vitali"]
[Result "1-0"]
[WhiteElo "2596"]
[BlackElo "2308"]
[PlyCount "51"]
[EventDate "2006.08.05"]
[EventType "swiss"]
[EventRounds "9"]
[EventCountry "USA"]
[SourceTitle "CBM 113 Extra"]
[Source "ChessBase"]
[SourceDate "2006.09.14"]
[SourceVersion "1"]
[SourceVersionDate "2006.09.14"]
[SourceQuality "1"]

1. d4 d5 2. c4 c6 3. Nc3 dxc4 4. e3 Be6 5. Nge2 f6 6. g3 Bf7 7. Bg2 e5 8. 0-0 Bb4 9. Qc2 Ne7 10. dxe5 fxe5 11. Rd1 Qc7 12. Ne4 Nd5 13. Ng5 Nf6 14. f4 exf4 15. Nxf4 Na6 16. Bh3 Nc5 17. a3 Nb3 18. Nfe6 Bxe6 19. Nxe6 Qe5 20. Qxc4 Nxa1 21. Nxg7+ Kf8 22. Ne6+ Ke8 23. axb4 Rg8 24. e4 Qh5 25. Nc7+ Kf8 26. Rf1 1-0

[Event "US Open-107"]
[Site "Chicago"]
[Date "2006.08.12"]
[Round "8"]
[White "Kochetkov, Vitali"]
[Black "Bakker, Joshua"]
[Result "1-0"]
[WhiteElo "2308"]
[BlackElo "2156"]
[PlyCount "35"]
[EventDate "2006.08.05"]
[EventType "swiss"]
[EventRounds "9"]
[EventCountry "USA"]
[SourceTitle "CBM 113 Extra"]
[Source "ChessBase"]
[SourceDate "2006.09.14"]
[SourceVersion "1"]
[SourceVersionDate "2006.09.14"]
[SourceQuality "1"]

1. c4 e5 2. Nc3 Nc6 3. Nf3 f5 4. d4 e4 5. Ng5 Nf6 6. f3 d5 7. cxd5 Nxd5 8. fxe4 fxe4 9. a3 Nxc3 10. bxc3 Be7 11. Nxe4 Qd5 12. Nf2 0-0 13. e4 Qf7 14. Be3 Bg5 15. Qd2 Na5 16. Bxg5 Nb3 17. Qa2 Nxa1 18. Bc4 1-0

[Event "Minsk Inautomarket op"]
[Site "Minsk"]
[Date "2005.07.15"]
[Round "6"]
[White "Danielian, Elina"]
[Black "Kochetkov, Vitali"]
[Result "1/2-1/2"]
[WhiteElo "2433"]
[BlackElo "2286"]
[PlyCount "116"]
[EventDate "2005.07.06"]
[EventType "swiss"]
[EventRounds "9"]
[EventCountry "BLR"]
[SourceTitle "CBM 107 Extra"]
[Source "ChessBase"]
[SourceDate "2005.09.01"]
[SourceVersion "1"]
[SourceVersionDate "2005.09.01"]
[SourceQuality "1"]

1. Nf3 d5 2. g3 c6 3. Bg2 Bf5 4. b3 h6 5. Bb2 e6 6. d3 Nf6 7. Nbd2 Be7 8. 0-0 0-0 9. Qe1 Bh7 10. e4 a5 11. a4 Na6 12. Qe2 Qb6 13. Ne5 Nc5 14. Kh1 Rad8 15. Qe3 Ncd7 16. Qxb6 Nxb6 17. Bc3 Ra8 18. f4 Nbd7 19. Nxd7 Nxd7 20. Rae1 Bf6 21. e5 Be7 22. g4 Bb4 23. Bxb4 axb4 24. Nf3 c5 25. Bh3 Ra5 26. f5 g5 27. d4 b6 28. Re3 Ra7 29. Rf2 Rc7 30. dxc5 bxc5 31. Bg2 Nb8 32. h4 gxh4 33. Nxh4 Nc6 34. g5 hxg5 35. Rg3 f6 36. fxe6 Nxe5 37. Bxd5 Kg7 38. Nf5+ Bxf5 39. Rxf5 Ng6 40. Rf1 Rd8 41. Be4 Rd4 42. Bxg6 Kxg6 43. Rgf3 Rh7+ 44. Kg2 Rg4+ 45. Kf2 Re4 46. Re3 Rxe3 47. Kxe3 Re7 48. Kd3 Rxe6 49. Kc4 g4 50. a5 f5 51. Kxc5 g3 52. Rf3 f4 53. Rxf4 Re5+ 54. Kxb4 g2 55. Rg4+ Rg5 56. Rxg2 Rxg2 57. a6 Rxc2 58. Kb5 Kf5 1/2-1/2

[Event "Platonov Memorial 3rd"]
[Site "Kiev"]
[Date "2005.01.06"]
[Round "3"]
[White "Kochetkov, Vitali"]
[Black "Sergeev, Vladimir"]
[Result "0-1"]
[WhiteElo "2364"]
[BlackElo "2438"]
[PlyCount "118"]
[EventDate "2005.01.04"]
[EventType "tourn"]
[EventRounds "9"]
[EventCountry "UKR"]
[EventCategory "8"]
[SourceTitle "CBM 104 Extra"]
[Source "ChessBase"]
[SourceDate "2005.03.01"]
[SourceVersion "1"]
[SourceVersionDate "2005.03.01"]
[SourceQuality "1"]

1. e4 Nf6 2. e5 Nd5 3. d4 d6 4. Nf3 Nb6 5. Be2 g6 6. c4 Bg7 7. exd6 cxd6 8. Nc3 0-0 9. 0-0 Nc6 10. h3 Bf5 11. Bg5 h6 12. Bh4 d5 13. c5 Nc4 14. b3 N4a5 15. Rc1 Be4 16. Ne5 Nxe5 17. dxe5 Bxe5 18. f3 Bxc3 19. Rxc3 d4 20. Rc1 Bf5 21. g4 Be6 22. Qd2 Kh7 23. f4 Nc6 24. f5 gxf5 25. Bd3 f6 26. Rce1 Ne5 27. Bg3 Nxd3 28. Qxd3 Bf7 29. gxf5 Rg8 30. Kh2 Qd7 31. Re4 Rg7 32. Qxd4 Rd8 33. Qxd7 Rxd7 34. Rfe1 Bh5 35. Rf4 Rd3 36. Rg1 Bf3 37. Bf2 Rxg1 38. Bxg1 Kg7 39. c6 Rd2+ 40. Kg3 Bxc6 41. Bxa7 Rxa2 42. Bc5 Kf7 43. Rf2 Ra5 44. b4 Ra3+ 45. Kh2 Bf3 46. Rf1 e5 47. fxe6+ Kxe6 48. Re1+ Kf5 49. Kg3 Be4+ 50. Re3 Ra2 51. Kh4 Kf4 52. Rc3 Ke5 53. Bf8 Rb2 54. Re3 Rb1 55. Kh5 b6 56. Kxh6 f5 57. h4 f4 58. Rc3 f3 59. Bg7+ Kd5 0-1

[Event "Platonov Memorial 3rd"]
[Site "Kiev"]
[Date "2005.01.05"]
[Round "2"]
[White "Itkis, Boris"]
[Black "Kochetkov, Vitali"]
[Result "1-0"]
[WhiteElo "2454"]
[BlackElo "2364"]
[PlyCount "139"]
[EventDate "2005.01.04"]
[EventType "tourn"]
[EventRounds "9"]
[EventCountry "UKR"]
[EventCategory "8"]
[SourceTitle "CBM 104 Extra"]
[Source "ChessBase"]
[SourceDate "2005.03.01"]
[SourceVersion "1"]
[SourceVersionDate "2005.03.01"]
[SourceQuality "1"]

1. d4 e6 2. c4 f5 3. g3 Nf6 4. Bg2 c6 5. Nf3 d5 6. 0-0 Be7 7. b3 Ne4 8. Ba3 Nd6 9. Nbd2 Nd7 10. Qc2 0-0 11. Ne1 Nf6 12. Nd3 Bd7 13. Nf3 Qe8 14. Rac1 Rd8 15. e3 Nfe4 16. Nfe5 Bc8 17. f3 Ng5 18. Bb2 Rf6 19. c5 Nb5 20. Qd2 Nc7 21. Qa5 Na6 22. a4 Bd7 23. Qd2 Nf7 24. Qe2 Nxe5 25. Nxe5 Qh5 26. Bc3 Be8 27. h3 Rf8 28. g4 Qh6 29. f4 g5 30. Ba5 Rc8 31. Be1 Nb8 32. Bg3 Nd7 33. Nf3 Bg6 34. Rce1 fxg4 35. hxg4 Be4 36. Nxg5 Bxg2 37. Kxg2 Bxg5 38. fxg5 Qxg5 39. Bd6 Rxf1 40. Rxf1 Nf6 41. Rf4 Qg6 42. Qf3 Nd7 43. Kg3 Re8 44. b4 a6 45. Qf1 Kg7 46. b5 axb5 47. axb5 Ra8 48. bxc6 bxc6 49. Qf2 Kg8 50. Qb2 Qe8 51. Rf1 Kg7 52. e4 Kg8 53. e5 Qg6 54. Rf3 Kh8 55. Qd2 Rg8 56. Rf4 Qb1 57. Qe3 Qd1 58. Rf3 Qb1 59. Qf2 Qg6 60. Rf4 Qd3+ 61. Qf3 Qxf3+ 62. Kxf3 Kg7 63. Kg3 Ra8 64. Rf3 Ra4 65. Rb3 Nf8 66. Rb6 Ng6 67. Rxc6 Ra3+ 68. Kf2 Kh6 69. Rc8 Kg5 70. c6 1-0

[Event "Nabokov Memorial 2nd"]
[Site "Kiev"]
[Date "2004.04.19"]
[Round "9"]
[White "Stopkin, Vladimir"]
[Black "Kochetkov, Vitali"]
[Result "1/2-1/2"]
[WhiteElo "2229"]
[BlackElo "2356"]
[PlyCount "21"]
[EventDate "2004.04.12"]
[EventType "tourn"]
[EventRounds "11"]
[EventCountry "UKR"]
[EventCategory "4"]
[SourceTitle "CBM 099 Extra"]
[Source "ChessBase"]
[SourceDate "2004.05.04"]
[SourceVersion "1"]
[SourceVersionDate "2004.05.04"]
[SourceQuality "1"]

1. e4 e6 2. d4 d5 3. exd5 exd5 4. Nf3 Nf6 5. Bd3 Be7 6. 0-0 0-0 7. Nc3 Nc6 8. h3 h6 9. Re1 Re8 10. Bf4 Be6 11. Qd2 1/2-1/2

[Event "Nabokov Memorial 2nd"]
[Site "Kiev"]
[Date "2004.04.18"]
[Round "8"]
[White "Kochetkov, Vitali"]
[Black "Chokhonelidze, Giorgi"]
[Result "1-0"]
[WhiteElo "2356"]
[BlackElo "2339"]
[PlyCount "102"]
[EventDate "2004.04.12"]
[EventType "tourn"]
[EventRounds "11"]
[EventCountry "UKR"]
[EventCategory "4"]
[SourceTitle "CBM 099 Extra"]
[Source "ChessBase"]
[SourceDate "2004.05.04"]
[SourceVersion "1"]
[SourceVersionDate "2004.05.04"]
[SourceQuality "1"]

1. c4 Nf6 2. Nc3 g6 3. g3 Bg7 4. Bg2 0-0 5. e3 c6 6. Nge2 d5 7. cxd5 cxd5 8. 0-0 Nc6 9. d4 e6 10. b3 Re8 11. Bb2 b6 12. Rc1 Bb7 13. Nf4 Qd7 14. Nd3 Red8 15. f4 h5 16. h3 Ba6 17. Rf2 Bxd3 18. Qxd3 Rac8 19. Bf3 Nb4 20. Qb1 Ne4 21. Nxe4 Rxc1+ 22. Bxc1 dxe4 23. Bxe4 e5 24. fxe5 Qxh3 25. Bd2 Nd5 26. Rg2 Qg4 27. Kf2 Ne7 28. Bf3 Qg5 29. Kg1 Nc8 30. e4 Qe7 31. Be3 Qb4 32. Rc2 a5 33. Rc4 Qa3 34. Qc2 Na7 35. Be2 Qf8 36. Rc7 Nc8 37. Bg5 f6 38. exf6 Bxf6 39. Bxf6 Qxf6 40. Rxc8 Qxd4+ 41. Kg2 Kh7 42. Rxd8 Qxd8 43. Qd3 Qe7 44. a4 Qc7 45. Qc4 Qe7 46. Qd5 Qc7 47. Bc4 Kh6 48. e5 Qe7 49. e6 Qf6 50. Qd2+ g5 51. Qf2 Qc3 1-0

[Event "Nabokov Memorial 2nd"]
[Site "Kiev"]
[Date "2004.04.16"]
[Round "5"]
[White "Kochetkov, Vitali"]
[Black "Berezin, Viktor1111"]
[Result "1/2-1/2"]
[WhiteElo "2356"]
[BlackElo "2371"]
[PlyCount "123"]
[EventDate "2004.04.12"]
[EventType "tourn"]
[EventRounds "11"]
[EventCountry "UKR"]
[EventCategory "4"]
[SourceTitle "CBM 099 Extra"]
[Source "ChessBase"]
[SourceDate "2004.05.04"]
[SourceVersion "1"]
[SourceVersionDate "2004.05.04"]
[SourceQuality "1"]

1. d4 Nf6 2. Nf3 g6 3. g3 Bg7 4. Bg2 0-0 5. 0-0 d6 6. Re1 Nc6 7. d5 Nb8 8. c4 c6 9. Nc3 cxd5 10. cxd5 Na6 11. Nd4 Bd7 12. h3 Qb6 13. Rb1 Rfc8 14. Be3 Qa5 15. Nb3 Qd8 16. Bd4 Nc7 17. Qd3 a5 18. e4 a4 19. Nd2 Na6 20. Qe3 Nb4 21. Bb6 Qe8 22. Rec1 e6 23. a3 Na6 24. dxe6 Qxe6 25. Bd4 Bc6 26. Re1 Re8 27. f4 h5 28. Rf1 Bh6 29. Qf2 Nc5 30. f5 gxf5 31. Qxf5 Qxf5 32. Rxf5 Nfxe4 33. Ndxe4 Nxe4 34. Rxh5 Bg7 35. Bxg7 Kxg7 36. Bxe4 Bxe4 37. Nxe4 Rxe4 38. Rg5+ Kf6 39. Rb5 Rc8 40. Rf1+ Ke6 41. Rxb7 f5 42. Rf2 Rg8 43. Kh2 Re3 44. Rg2 d5 45. Ra7 Re4 46. Rd2 f4 47. gxf4 Rxf4 48. Rb7 Re4 49. b3 Re3 50. Rb6+ Ke5 51. Rb5 axb3 52. Rbxd5+ Ke4 53. R5d4+ Kf3 54. Rd7 Rf8 55. a4 Rf5 56. Rc7 Rfe5 57. Rf7+ Ke4 58. Rb7 Kf4 59. Rf7+ Kg5 60. Rg2+ Kh6 61. Rf6+ Kh7 62. Rf4 1/2-1/2

[Event "Nabokov Memorial 2nd"]
[Site "Kiev"]
[Date "2004.04.16"]
[Round "6"]
[White "Kochetkov, Vitali"]
[Black "Onischuk, Vladimir"]
[Result "0-1"]
[WhiteElo "2356"]
[BlackElo "2237"]
[PlyCount "91"]
[EventDate "2004.04.12"]
[EventType "tourn"]
[EventRounds "11"]
[EventCountry "UKR"]
[EventCategory "4"]
[SourceTitle "CBM 099 Extra"]
[Source "ChessBase"]
[SourceDate "2004.05.04"]
[SourceVersion "1"]
[SourceVersionDate "2004.05.04"]
[SourceQuality "1"]

1. d4 Nf6 2. Nf3 g6 3. c4 Bg7 4. Nc3 0-0 5. Bf4 d6 6. h3 c6 7. e3 a6 8. Be2 b5 9. 0-0 Bb7 10. b4 bxc4 11. Bxc4 Nbd7 12. Rb1 Qc7 13. Qe2 Nb6 14. Bb3 Nfd5 15. Rfc1 Qd7 16. Bg3 Nxc3 17. Rxc3 Nd5 18. Rcc1 Nxb4 19. Ba4 Nd5 20. e4 Nf6 21. e5 Nd5 22. e6 fxe6 23. Rxb7 Qxb7 24. Bxc6 Qc8 25. Kh2 Rb8 26. Bxd5 Qxc1 27. Qxe6+ Kh8 28. Be4 Bf6 29. Bd3 a5 30. Qg4 a4 31. h4 Qh6 32. Kh3 Qh5 33. Qe6 a3 34. Bf4 Bg7 35. g4 Qa5 36. Qe4 Qc3 37. Kg3 Rxf4 38. Kxf4 Qb2 39. Kg3 Qxa2 40. Ng5 Rf8 41. f3 Qd2 42. Nxh7 Qf4+ 43. Qxf4 Rxf4 44. Kxf4 a2 45. Bxg6 a1Q 46. Ng5 0-1

[Event "Nabokov Memorial 2nd"]
[Site "Kiev"]
[Date "2004.04.15"]
[Round "4"]
[White "Solomaha, Andrey"]
[Black "Kochetkov, Vitali"]
[Result "0-1"]
[WhiteElo "2384"]
[BlackElo "2356"]
[PlyCount "138"]
[EventDate "2004.04.12"]
[EventType "tourn"]
[EventRounds "11"]
[EventCountry "UKR"]
[EventCategory "4"]
[SourceTitle "CBM 099 Extra"]
[Source "ChessBase"]
[SourceDate "2004.05.04"]
[SourceVersion "1"]
[SourceVersionDate "2004.05.04"]
[SourceQuality "1"]

1. e4 e6 2. d4 d5 3. Nd2 a6 4. Ngf3 c5 5. exd5 exd5 6. dxc5 Bxc5 7. Nb3 Bb6 8. Nfd4 Ne7 9. Be2 0-0 10. 0-0 Nbc6 11. c3 Ng6 12. Be3 Nce5 13. Nc2 Bc7 14. Nb4 Qd6 15. f4 Rd8 16. Bc5 Bb6 17. Bxb6 Qxb6+ 18. Qd4 Qxd4+ 19. Nxd4 a5 20. Nbc2 Nc6 21. Rad1 Kf8 22. g3 Bh3 23. Rf2 Nxd4 24. Nxd4 Bd7 25. Bf3 Ne7 26. Rfd2 Rac8 27. Kf2 b6 28. Re1 Rc7 29. Nc2 Be6 30. Nd4 Bc8 31. h4 h6 32. Re5 Bb7 33. Bg4 Nc6 34. Nxc6 Bxc6 35. Rd4 Re7 36. Rxe7 Kxe7 37. Bf3 Kd6 38. g4 f6 39. Rd1 Kc5 40. f5 Re8 41. Kg3 Re5 42. Kf4 b5 43. Rb1 b4 44. cxb4+ axb4 45. Rc1+ Kd6 46. Rc2 Bd7 47. Rg2 Bb5 48. Rd2 Bc4 49. b3 Bb5 50. Rd4 Kc5 51. Rd2 Bf1 52. Rf2 Bd3 53. Bd1 Kd4 54. a3 Re4+ 55. Kg3 Re1 56. Bf3 bxa3 57. Ra2 Be4 58. Bxe4 dxe4 59. Rxa3 Re3+ 60. Kg2 Ke5 61. Ra7 Kf4 62. Rxg7 Rxb3 63. Rg6 Rb2+ 64. Kg1 Kg3 65. Kf1 Kf3 66. Kg1 Rg2+ 67. Kh1 Rxg4 68. Rxf6 e3 69. Re6 Kf2 0-1

[Event "Nabokov Memorial 2nd"]
[Site "Kiev"]
[Date "2004.04.14"]
[Round "3"]
[White "Kochetkov, Vitali"]
[Black "Zakharchenko, Arnold"]
[Result "0-1"]
[WhiteElo "2356"]
[BlackElo "2362"]
[PlyCount "108"]
[EventDate "2004.04.12"]
[EventType "tourn"]
[EventRounds "11"]
[EventCountry "UKR"]
[EventCategory "4"]
[SourceTitle "CBM 099 Extra"]
[Source "ChessBase"]
[SourceDate "2004.05.04"]
[SourceVersion "1"]
[SourceVersionDate "2004.05.04"]
[SourceQuality "1"]

1. Nf3 c5 2. g3 d5 3. Bg2 Nc6 4. d4 Nf6 5. 0-0 Bg4 6. Ne5 cxd4 7. Nxg4 Nxg4 8. e3 Nf6 9. exd4 e6 10. Nc3 Bd6 11. Ne2 0-0 12. c3 Rc8 13. Bg5 h6 14. Bd2 b5 15. f4 b4 16. f5 e5 17. dxe5 Bxe5 18. cxb4 Nxb4 19. Bc3 Re8 20. Kh1 Qb6 21. Bxe5 Rxe5 22. a3 Nc6 23. Nf4 Qxb2 24. Nd3 Qb6 25. Nxe5 Nxe5 26. Rb1 Qd6 27. Qd4 Nc6 28. Qa4 Rc7 29. Rbc1 Ne5 30. Rxc7 Qxc7 31. Qf4 Qc3 32. Qc1 Qa5 33. Qe1 Qc7 34. h3 Nc4 35. a4 Qb6 36. Qe7 Ne3 37. a5 Qd4 38. Rc1 Nxf5 39. Rc8+ Kh7 40. Qc5 Nxg3+ 41. Kh2 Qh4 42. Qc2+ Nge4 43. Bxe4+ Nxe4 44. Rc3 Qf4+ 45. Kg2 Qg5+ 46. Kh1 Qg6 47. Rc6 Qg3 48. Qg2 Qe1+ 49. Kh2 Qxa5 50. Rc1 Qb6 51. Rg1 Qf6 52. Qa2 Qe5+ 53. Kh1 Ng3+ 54. Kg2 Ne2 0-1

[Event "Nabokov Memorial 2nd"]
[Site "Kiev"]
[Date "2004.04.13"]
[Round "2"]
[White "Matorin, Evgeny"]
[Black "Kochetkov, Vitali"]
[Result "0-1"]
[WhiteElo "2307"]
[BlackElo "2356"]
[PlyCount "88"]
[EventDate "2004.04.12"]
[EventType "tourn"]
[EventRounds "11"]
[EventCountry "UKR"]
[EventCategory "4"]
[SourceTitle "CBM 099 Extra"]
[Source "ChessBase"]
[SourceDate "2004.05.04"]
[SourceVersion "1"]
[SourceVersionDate "2004.05.04"]
[SourceQuality "1"]

1. Nf3 c5 2. c4 Nf6 3. g3 b6 4. Bg2 Bb7 5. 0-0 e6 6. Nc3 Be7 7. b3 0-0 8. Bb2 d5 9. cxd5 Nxd5 10. Nxd5 Bxd5 11. Qc2 Bf6 12. Rfd1 Bxb2 13. Qxb2 Nd7 14. Rac1 Rc8 15. d4 Qf6 16. Ne5 Rfd8 17. e4 Ba8 18. Nxd7 Rxd7 19. e5 Qd8 20. Bxa8 Rxa8 21. b4 Rxd4 22. Rxd4 Qxd4 23. Qxd4 cxd4 24. Kf1 f6 25. f4 Kf7 26. Rc4 Rd8 27. Rc7+ Kg6 28. Rxa7 fxe5 29. fxe5 Kf5 30. Rxg7 Kxe5 31. Ke2 Ra8 32. Rg5+ Kf6 33. Rb5 Rxa2+ 34. Kd3 e5 35. Rxb6+ Kf5 36. Rh6 Ra3+ 37. Kc2 Ke4 38. Rd6 Ke3 39. b5 e4 40. b6 Rc3+ 41. Kb2 Rc5 42. Ka3 Rb5 43. Ka4 Rb1 44. Ka5 d3 0-1

[Event "Nabokov Memorial 2nd"]
[Site "Kiev"]
[Date "2004.04.12"]
[Round "1"]
[White "Kochetkov, Vitali"]
[Black "Pavlov, Sergey1111"]
[Result "1/2-1/2"]
[WhiteElo "2356"]
[BlackElo "2338"]
[PlyCount "114"]
[EventDate "2004.04.12"]
[EventType "tourn"]
[EventRounds "11"]
[EventCountry "UKR"]
[EventCategory "4"]
[SourceTitle "CBM 099 Extra"]
[Source "ChessBase"]
[SourceDate "2004.05.04"]
[SourceVersion "1"]
[SourceVersionDate "2004.05.04"]
[SourceQuality "1"]

1. Nf3 Nf6 2. c4 g6 3. Nc3 Bg7 4. e4 d6 5. Be2 0-0 6. 0-0 e5 7. d3 c6 8. Be3 Re8 9. h3 a6 10. Qd2 b5 11. a3 Nbd7 12. cxb5 axb5 13. d4 Bb7 14. dxe5 dxe5 15. Rad1 Qe7 16. Qd6 Qxd6 17. Rxd6 Bf8 18. Rd2 Nc5 19. Rfd1 Ba6 20. Rc2 Rac8 21. Nd2 Red8 22. Bxc5 Bxc5 23. Na4 Ba7 24. Nc5 Bxc5 25. Rxc5 Rd4 26. Nf3 Rxd1+ 27. Bxd1 Nd7 28. Rc1 f6 29. Be2 Nb6 30. Nd2 c5 31. Nb1 Kf7 32. Nc3 c4 33. Rd1 Ke7 34. Bg4 Rd8 35. Rxd8 Kxd8 36. h4 Ke7 37. h5 gxh5 38. Bf5 h6 39. Kh2 Kd6 40. Kg3 Kc5 41. Bg6 b4 42. axb4+ Kxb4 43. Nd5+ Nxd5 44. exd5 Kc5 45. Bf7 Kd6 46. Kh4 f5 47. Kxh5 e4 48. Bg6 Bc8 49. Kxh6 Kxd5 50. Kg5 Ke5 51. Bf7 Ba6 52. g3 Bb5 53. Bg8 Ba6 54. Bh7 Bc8 55. Bg8 Ba6 56. Bf7 Bb5 57. Bh5 Bd7 1/2-1/2

[Event "BLR-ch 69th"]
[Site "Minsk"]
[Date "2003.03.02"]
[Round "3"]
[White "Smirnov, Valerij"]
[Black "Kochetkov, Vitali"]
[Result "1-0"]
[WhiteElo "2400"]
[BlackElo "2396"]
[PlyCount "83"]
[EventDate "2003.02.28"]
[EventType "tourn"]
[EventRounds "13"]
[EventCountry "BLR"]
[EventCategory "8"]
[SourceTitle "CBM 093 Extra"]
[Source "ChessBase"]
[SourceDate "2003.05.09"]
[SourceVersion "1"]
[SourceVersionDate "2003.05.09"]
[SourceQuality "1"]

1. e4 e6 2. d4 d5 3. e5 c5 4. c3 Qb6 5. Nf3 Bd7 6. Na3 cxd4 7. cxd4 Bb4+ 8. Bd2 Ne7 9. Bd3 Nf5 10. Bxf5 exf5 11. Bxb4 Qxb4+ 12. Qd2 Nc6 13. Nc2 Qxd2+ 14. Kxd2 f4 15. Nfe1 Bf5 16. Nd3 Bxd3 17. Kxd3 Kd7 18. g3 g5 19. h4 h6 20. Rag1 Rag8 21. hxg5 hxg5 22. Rxh8 Rxh8 23. gxf4 gxf4 24. Rg4 Rh3+ 25. Kd2 Na5 26. Rxf4 Nc4+ 27. Ke2 Ke8 28. Ne3 Nxb2 29. Nxd5 Nd3 30. Rf6 Nc1+ 31. Kd2 Nxa2 32. Nc7+ Ke7 33. d5 Rh7 34. Rf4 a5 35. Ra4 Rh2 36. Ke3 Nc3 37. Rf4 Rh7 38. Kd3 Nd1 39. Kc2 Nxf2 40. Rxf2 Rh5 41. Re2 Rh4 42. Kc3 1-0

[Event "BLR-ch"]
[Site "Minsk"]
[Date "2002.02.26"]
[Round "11"]
[White "Kochetkov, Vitali"]
[Black "Smirnov, Valerij"]
[Result "1-0"]
[WhiteElo "2340"]
[BlackElo "2411"]
[PlyCount "85"]
[EventDate "2002.02.??"]
[EventType "tourn"]
[EventRounds "11"]
[EventCountry "BLR"]
[SourceTitle "EXT 2004"]
[Source "ChessBase"]
[SourceDate "2003.11.25"]
[SourceVersion "1"]
[SourceVersionDate "2003.11.25"]
[SourceQuality "1"]

1. Nf3 c5 2. c4 g6 3. e3 Bg7 4. d4 Nf6 5. Nc3 0-0 6. Be2 cxd4 7. Nxd4 Nc6 8. 0-0 d6 9. b3 Nxd4 10. exd4 d5 11. Bg5 Be6 12. Qd2 Rc8 13. Rad1 Qd7 14. c5 Ne8 15. b4 f6 16. Bh6 Bf7 17. Rfe1 g5 18. Bxg7 Nxg7 19. Bb5 Qd8 20. Bd3 Bg6 21. Bxg6 hxg6 22. Qd3 f5 23. Re5 e6 24. Rde1 a6 25. a4 g4 26. Ne2 g5 27. b5 axb5 28. axb5 Rf6 29. b6 Rh6 30. Nc3 Ra8 31. Qd2 Qf6 32. Nb5 Qg6 33. Nc7 Qh5 34. Nxa8 Qxh2+ 35. Kf1 Qh1+ 36. Ke2 Qxg2 37. Kd1 Qf3+ 38. Kc2 Qa3 39. Qc3 Qxa8 40. Ra1 Qc8 41. c6 Ne8 42. c7 Kf7 43. Ra8 1-0

[Event "BLR-ch"]
[Site "Minsk"]
[Date "2002.02.22"]
[Round "7"]
[White "Kochetkov, Vitali"]
[Black "Dydyshko, Viacheslav"]
[Result "1/2-1/2"]
[WhiteElo "2340"]
[BlackElo "2526"]
[PlyCount "36"]
[EventDate "2002.02.??"]
[EventType "tourn"]
[EventRounds "11"]
[EventCountry "BLR"]
[SourceTitle "EXT 2004"]
[Source "ChessBase"]
[SourceDate "2003.11.25"]
[SourceVersion "1"]
[SourceVersionDate "2003.11.25"]
[SourceQuality "1"]

1. Nf3 Nf6 2. c4 g6 3. Nc3 Bg7 4. e4 d6 5. Be2 0-0 6. 0-0 e5 7. d3 Nc6 8. Nd5 Nd7 9. b4 f5 10. Bg5 Nf6 11. b5 Ne7 12. Nd2 Nexd5 13. cxd5 h6 14. Bxf6 Bxf6 15. Nc4 Bd7 16. a4 Qe7 17. Na5 Rab8 18. Rc1 Be8 1/2-1/2